| 000 | 00515nam a2200193 a 4500 | ||
|---|---|---|---|
| 001 | 1771663883311 | ||
| 003 | YourLibrary | ||
| 005 | 20260221142342.0 | ||
| 008 | 260221s2004##################000#0#eng## | ||
| 020 | _a9780446694094 | ||
| 082 | 0 | 4 |
_a338.02402 _bSUT |
| 100 | 1 |
_aSutton, Garrett, _eauthor. |
|
| 245 | 1 | 0 | _aThe ABC's of Getting Out of Debt : |
| 260 |
_bBusiness Plus, _c2004. |
||
| 300 | _a213 pages | ||
| 650 | 0 | _aBusiness & Economics. | |
| 942 | _cENGLISH | ||
| 040 |
_aYourLibrary _beng _cYourLibrary |
||
| 999 |
_c615051 _d615051 |
||